000
00299nam a22001337a 4500
008
170220b xxu||||| |||| 00| 0 eng d
020
_a
9781284031393
041
_a
eng
080
_2
2ND
_a
615
100
_a
5
101
_a
SHF
245
_a
MATH FOR PHARMACY TECHNICIANS
_c
ZENTZ, L
942
_2
udc
_c
BK
999
_c
5890
_d
5890